KOHA-Header-6

A Competitive Approach To Linear Algebra (Record no. 1066)

000 -LEADER
fixed length control field 00350nam a2200121Ia 4500
008 - FIXED-LENGTH DATA ELEMENTS--GENERAL INFORMATION
fixed length control field 190722s9999 xx 000 0 und d
020 ## - INTERNATIONAL STANDARD BOOK NUMBER
International Standard Book Number 978-81-239-2791-6
100 ## - MAIN ENTRY--PERSONAL NAME
Personal name Dr. Sudhir Kumar Pundir
245 #2 - TITLE STATEMENT
Title A Competitive Approach To Linear Algebra
260 ## - PUBLICATION, DISTRIBUTION, ETC. (IMPRINT)
Place of publication, distribution, etc New Delhi
Name of publisher, distributor, etc CBS Publishers & Distributors Pvt. Ltd.
Date of publication, distribution, etc 2015
300 ## - PHYSICAL DESCRIPTION
Extent 711
942 ## - ADDED ENTRY ELEMENTS (KOHA)
Koha item type Books
Holdings
Withdrawn status Lost status Source of classification or shelving scheme Damaged status Not for loan Collection code Permanent Location Current Location Shelving location Date acquired Total Checkouts Total Renewals Full call number Barcode Date last seen Date checked out Price effective from Koha item type
          Mathematics MAJU MAJU Shelf No.B31 2019-07-22 2 3 512.5 7691 2024-01-16 2024-01-01 2019-07-22 Mathematics

Powered by Koha